64 personnages Star Wars - Statistiques

Statistiques générales
  • Ce quiz a été pris 519 fois
  • Le résultat moyen est 37 sur 64
Statistiques - réponses
Par images Réponse % Correct
Dark Vador
99%
Padmé Amidala
95%
R2-D2
94%
Anakin Skywalker
93%
C-3PO
89%
Luke Skywalker
89%
Dark Maul
88%
Yoda
88%
Chewbacca
87%
Finn
87%
Obi-Wan Kenobi
86%
Jabba le Hutt
85%
Sheev Palpatine
85%
Han Solo
84%
Jar Jar Binks
84%
Rey
83%
BB-8
81%
Boba Fett
81%
Kylo Ren
81%
Leia Organa
81%
General Grievous
80%
Jango Fett
79%
Mace Windu
78%
Snoke
77%
Lando Calrissian
75%
Poe Dameron
75%
Comte Dooku
74%
Qui-Gon Jinn
72%
Grogu
69%
Ahsoka Tano
67%
Bail Organa
65%
Shmi Skywalker
65%
Greedo
63%
Général Armitage Hux
62%
Cassian Andor
61%
Grand Moff Wilhuff Tarkin
61%
Owen Lars
57%
Sebulba
56%
Amiral Gial Ackbar
54%
Watto
49%
Ki-Adi-Mundi
48%
Jyn Erso
44%
Cad Bane
42%
Maz Kanata
42%
Finis Valorum
39%
Moff Gideon
38%
Bib Fortuna
35%
Din Djarin, Le Mandalorien
35%
Galen Erso
35%
Beru Whitesun Lars
34%
Mon Mothma
31%
Nute Gunray
31%
Capitaine Quarsh Panaka
30%
Saw Gerrera
30%
Boss Nass
26%
Wedge Antilles
25%
Nien Nunb
15%
Chirrut Îmwe
13%
Krrsantan le Noir
10%
Bix Caleen
8%
Luthen Rael
7%
Dedra Meero
5%
Major Partagaz
4%
Vel Sartha
4%
Aucun quiz correspondant
Distribution des résultats
% des personnes avec chaque résultat
Percentile par nombre de réponses
Votre historique - résultats
Vous n’avez pas pris ce quiz